Selekcjonerzy Reprezentacji Polski - Statystyki

Ogólne statystyki
  • Ten quiz został rozwiązany 491 razy
  • Średni wynik to 14 z 41
Statystyki odpowiedzi
Lata Selekcjoner % Poprawnych
2013-2018 Adam Nawałka
94%
2021- Paulo Sousa
92%
2018-2021 Jerzy Brzęczek
89%
2009-2012 Franciszek Smuda
88%
2002 Zbigniew Boniek
83%
1970-1976 Kazimierz Górski
82%
2012-2013 Waldemar Fornalik
77%
2000-2002 Jerzy Engel
71%
2006-2009 Leo Beenhakker
70%
2002-2006 Paweł Janas
68%
1981-1986 Antoni Piechniczek
65%
1996-1997 Antoni Piechniczek
65%
2009 Stefan Majewski
57%
1989-1993 Andrzej Strejlau
53%
1976-1978 Jacek Gmoch
52%
1997-1999 Janusz Wójcik
51%
1993-1995 Henryk Apostel
30%
1986-1989 Wojciech Łazarek
21%
1932-1939 Józef Kałuża
17%
1978-1980 Ryszard Kulesza
17%
1997 Krzysztof Pawlak
16%
1993 Lesław Ćmikiewicz
15%
1995-1996 Władysław Stachurski
15%
1945-1947 Henryk Reyman
11%
1951-1952 Ryszard Koncewicz
11%
1952-1953 Ryszard Koncewicz
11%
1955-1956 Ryszard Koncewicz
11%
1968-1970 Ryszard Koncewicz
11%
1921 Józef Szkolnikowski
10%
1925 Tadeusz Kuchar
7%
1928 Tadeusz Kuchar
7%
1952 Michał Matyas
6%
1966-1967 Michał Matyas
6%
1948 Czesław Krug
5%
1959-1962 Czesław Krug
5%
1929-1931 Stefan Loth
5%
1924 Adam Obrubański
4%
1966 Antoni Brzeżańczyk
4%
1952 Tadeusz Foryś
4%
1925-1927 Tadeusz Synowiec
4%
1948 Zygmunt Alfus
3%
Nie znaleziono quizów pasujących do podanych kryteriów
Rozkład punktacji
Procent ludzi z każdym wynikiem
Percentyl według liczby udzielonych odpowiedzi
Twoja historia wyników
Nie rozwiązałeś tego quizu